000 00853nam a2200265Ia 4500
999 _c53663
_d53663
001 20710
003 GE_BSU
005 20210307215611.0
008 181216s1998||||xx |||||||||||||| ||eng||
020 _a0914168835
040 _cGE_BSU
041 _aeng
080 _a611(084.4) N-33
100 _aNetter, M. D.
_910372
245 _aInteractive Atlas of Human Anatomy /
_cM. D. Netter, H. Frank.
264 _aUSA :
_bICON Learing systens,
_c1998.
300 _aCD
541 _h181 Gel.
653 _aInteractive Atlas of Human Anatomy
653 _aИнтерактивный атлас анатомии человека
653 _aადამიანის ანატომიის ინტერაქტიული ატლასი
653 _aმედიცინა
700 _aFrank, H.
_98646
942 _cCF
_2udc